Os gelados dos gnomos (Registo nº 4217)

Detalhes MARC
000 -Etiqueta do registo
Cabeçalho 00630nam0a2200229 4500
005 - Identificador da versão
Campo de controlo 20240813122055.0
010 ## - Número internacional normalizado dos livros (ISBN)
Número (ISBN) 9722221647
021 ## - Número do Depósito Legal
Código do país PT
Número 188191/02
100 ## - Dados gerais de processamento
Dados gerais de processamento 20161124d2002 b y0pory5003 ba
102 ## - Pais de publicação ou produção
País de publicação Portugal
101 1# - Língua de publicação
Língua do texto, banda sonora, etc. Português
Língua do documento no original Inglês
215 ## - Descrição física 
Indicação específica da natureza do documento e extensão da espécie [28] p.
Outras indicações físicas il. color
200 1# - Titulo e menção de responsabilidade
Título próprio Os gelados dos gnomos
Primeira menção de responsabilidade Enid Blyton
Outras menções de responsabilidade trad. Guilhermina Rebelo de Andrade
225 1# - Colecção 
Título próprio da colecção Noddy
Indicação de volume 5
210 ## - Publicação, Distribuição, etc. 
Lugar da edição, distribuição, etc. Lisboa
Nome do editor, distribuidor, etc. Verbo
Data da publicação, distribuição, etc. D. L. 2002
702 #1 - Nome de autor-pessoa física (responsabilidade secundária)
Número de registo de entrada de autoridade 0000508
Palavra de ordem Andrade
Outra parte do nome não tomada para palavra de ordem Guilhermina Rebelo de
Código de função Tradutor
700 #1 - Nome de autor-pessoa física (responsabilidade principal)
Número de registo de entrada de autoridade 0000883
Palavra de ordem Blyton
Outra parte do nome não tomada para palavra de ordem Enid
Datas 1897-1968
966 ## - Identificação da Biblioteca
Sigla EBVEN
942 ## - Elementos de entrada adicionados (Koha)
Tipo de item no Koha Livro
Exemplares
Situação do levantamento Origin of item (home branch) (coded) Biblioteca de empréstimo Código de barras Cota Circulation type (not for loan) Tipo de documento Nota do exemplar Damaged status
  Biblioteca Escolar das Vendas Biblioteca Escolar das Vendas BEV1480 8EST NOD   Livro Sem mensagem